000 00212 a2200097 4500
001 13618
100 _aMarcuse H
245 _aSoviet Marxism
260 _aNew York
_bColombia University
_c
090 _c10616
_d10616
942 _aNUST-CAE
_cM
_c688
999 _c248691
_d248691